| 000 | 00344pam a2200133 a 4500 | ||
|---|---|---|---|
| 020 | _c | ||
| 041 | _h | ||
| 082 |
_a050 _bZHA |
||
| 100 |
_aZhang H , _eAuthor . |
||
| 245 |
_aIEEE Trans . on Multimedia Vol - 7 , Feb - Dec 2005 _hBound Volumes |
||
| 260 |
_a[s.l]: _bIEEE Computer Society , _c2005. |
||
| 300 |
_a0: _bHb; _c28*20. |
||
| 930 | _a16086 | ||
| 999 |
_c59307 _d59307 |
||